Countries Closest to the Persian Gulf - 30 Second Sprint - Statistics

General Stats
  • This quiz has been taken 49 times
  • The average score is 12 of 22
Answer Stats
km country miles % Correct
0 Iran 0
93%
0 Iraq 0
88%
0 Saudi Arabia 0
88%
0 Oman 0
81%
551 Yemen 343
81%
0 Kuwait 0
71%
0 Qatar 0
71%
0 United Arab Emirates 0
71%
846 Syria 526
69%
0 Bahrain 0
64%
440 Pakistan 273
62%
863 Jordan 536
55%
1198 Israel 745
50%
1128 India 701
43%
502 Afghanistan 312
38%
1181 Lebanon 734
38%
843 Turkey 524
36%
968 Armenia 601
26%
890 Azerbaijan 553
26%
1193 Palestine 741
14%
1036 Turkmenistan 644
14%
1207 Russia 750
7%
No matching quizzes found
Score Distribution
Percent of People with Each Score
Percentile by Number Answered
Your Score History
You have not taken this quiz